000
00343nam a2200145Ia 4500
005
20250508043935.0
008
240331s9999 xx 000 0 und d
082
_b
CHA
_a
891
100
_a
Chandra Bose,
245
0
_a
Ethirkala ilakkiyamum kalviyum
260
_a
Thanjavur
_b
Akaram
_c
2003
300
_a
128 p .,
650
_a
Essays
942
_c
L
999
_c
4382
_d
4382